Survey of public relations practices in higher education /

Bibliographic Details
Corporate Author: Primary Research Group
Format: Book
Language:English
Published: [New York] : Primary Research Group, [2012]
Subjects:

MARC

Tag First Indicator Second Indicator Subfields
LEADER 00000cam a2200000 a 4500
001 in00002782612
005 20151202171806.0
008 120321s2012 nyu 000 0 eng c
020 |a 1574401963 
020 |a 9781574401967 
035 |a (OCoLC)ocn781260740 
040 |a YDXCP  |c YDXCP  |d INU  |d BWX  |d GZQ  |d UtOrBLW 
043 |a n-us--- 
049 |a TXAM 
082 0 |a 659.29378  |2 23 
090 |a LB2342.8  |b .S86 2012 
245 0 0 |a Survey of public relations practices in higher education /  |c Primary Research Group. 
264 1 |a [New York] :  |b Primary Research Group,  |c [2012] 
264 4 |c ©2012 
300 |a 115 pages ;  |c 28 cm. 
336 |a text  |b txt  |2 rdacontent 
337 |a unmediated  |b n  |2 rdamedia 
338 |a volume  |b nc  |2 rdacarrier 
650 0 |a Education, Higher  |x Public relations  |z United States. 
650 0 |a Universities and colleges  |x Public relations  |z United States. 
710 2 |a Primary Research Group. 
945 |a PromptCat  |b 125042 
946 |a stk 
947 |a A14835938324 
948 |a cataloged  |b h  |c 2012/12/13  |d c  |e dmitchel  |f 2:44:16 pm 
994 |a 92  |b TXA 
999 |a MARS 
999 f f |s 66a79fe2-83e4-3cac-810d-5150e31eb355  |i 3495317b-5aba-3db4-a336-b43612d79ab5  |t 0 
952 f f |p normal  |a Texas A&M University  |b College Station  |c Sterling C. Evans Library  |d Evans: Library Stacks  |t 0  |e LB2342.8 .S86 2012  |h Library of Congress classification  |i unmediated -- volume  |m A14835938324 
998 f f |a LB2342.8 .S86 2012  |t 0  |l Evans: Library Stacks